000 00261nam a22001217a 4500
008 170923b xxu||||| |||| 00| 0 eng d
041 _aeng
080 _a37
100 _a46
101 _aEDU
245 _aLOOKING OUT LOOKING IN
_cADLER, R.B
942 _2udc
_cBK
999 _c29440
_d29440